Ekonomické a finančné aspekty internacionalizácie virtuálneho trhu bakalárska práca

Na minha lista:
Detalhes bibliográficos
Autor principal: Écsiová, Nóra
Autor Corporativo: Obchodná fakulta EU. Katedra informatiky obchodných firiem
Outros Autores: Pólya, Attila
Formato: Livro
Idioma:eslovaco
Publicado em: Bratislava 2011
Tags: Adicionar Tag
Sem tags, seja o primeiro a adicionar uma tag!

MARC

LEADER 00000nbm a2200000 4500
001 0140468
005 20161109111718.4
041 0 |a slo 
044 |a SK 
245 1 0 |a Ekonomické a finančné aspekty internacionalizácie virtuálneho trhu  |b bakalárska práca  |c Nóra Écsiová ; školiteľ: Attila Pólya 
264 1 |a Bratislava  |c 2011 
300 |a 52 s. 
100 1 |a Écsiová, Nóra 
700 1 |a Pólya, Attila 
710 2 |a Obchodná fakulta EU. Katedra informatiky obchodných firiem